[Event "Senta Fantastico op 02"]
[Site "Senta"]
[Date "2024.02.27"]
[Round "9"]
[White "Levitan, Caleb Levi"]
[Black "Vratonjic, Slobodan"]
[Result "1-0"]
[WhiteElo "2265"]
[BlackElo "2270"]
[PlyCount "61"]
[EventDate "2024.02.22"]
[EventType "swiss"]
[EventRounds "9"]
[EventCountry "SRB"]
[SourceTitle "CB10_2024"]
[SourceDate "2024.03.06"]
[SourceVersion "1"]
[SourceVersionDate "2024.03.06"]
[SourceQuality "1"]

1. e4 c5 2. Nf3 e6 3. d4 cxd4 4. Nxd4 Nc6 5. Nc3 Qc7 6. g3 d6 7. Bg2 Nxd4 8. Qxd4 Ne7 9. 0-0 Nc6 10. Qd2 a6 11. b3 Be7 12. Bb2 0-0 13. Ne2 b5 14. Rac1 Bb7 15. c4 b4 16. Nd4 Bf6 17. Nb5 axb5 18. Bxf6 gxf6 19. cxb5 Qd7 20. bxc6 Bxc6 21. e5 Bxg2 22. exf6 Kh8 23. Kxg2 Qb7+ 24. Kg1 Qf3 25. Qxd6 Qxf6 26. Qxb4 Rfb8 27. Qd2 Rd8 28. Qe2 Ra3 29. Rc2 Rda8 30. Rfc1 Kg7 31. h4 1-0

[Event "SRB-chT Premier"]
[Site "Vrnjacka Banja"]
[Date "2022.09.20"]
[Round "1.6"]
[White "Vratonjic, Slobodan"]
[Black "Velikic, Adela"]
[Result "1-0"]
[WhiteElo "2253"]
[BlackElo "2272"]
[PlyCount "109"]
[EventDate "2022.09.20"]
[EventType "team-tourn"]
[EventRounds "11"]
[EventCountry "SRB"]
[SourceTitle "CBM 210 Extra"]
[Source "ChessBase"]
[SourceDate "2022.11.30"]
[SourceVersion "1"]
[SourceVersionDate "2022.11.30"]
[SourceQuality "1"]
[WhiteTeam "Kac Jugovic"]
[BlackTeam "Grocka Vinogradi"]
[WhiteTeamCountry "SRB"]
[BlackTeamCountry "SRB"]

1. e4 c5 2. Nf3 d6 3. Bc4 Nf6 4. d3 Nc6 5. c3 g6 6. 0-0 Bg7 7. h3 0-0 8. Bb3 b5 9. d4 cxd4 10. cxd4 Bb7 11. Qe2 Na5 12. Bc2 Rc8 13. Bd3 a6 14. Na3 Qb6 15. d5 Qd8 16. Bd2 Nd7 17. Rab1 Ba8 18. b4 Nb7 19. Nc2 Ne5 20. Nxe5 dxe5 21. Na1 Qd7 22. Nb3 e6 23. dxe6 Qxe6 24. Be3 Rfd8 25. Rfc1 Bf8 26. Nc5 Nxc5 27. bxc5 Bc6 28. a4 bxa4 29. Rb6 Rb8 30. Rxa6 Qe8 31. Bc4 Rb7 32. Qf3 Bb5 33. Ra5 Bc6 34. Bd5 Rb4 35. Ra7 Bxd5 36. exd5 e4 37. Qd1 Qb5 38. d6 Qc6 39. Rc7 Qa8 40. Bg5 e3 41. Qf3 Qxf3 42. gxf3 e2 43. Bxd8 Rd4 44. Re7 Rd1+ 45. Kg2 Rxc1 46. Rxe2 Rxc5 47. Rd2 Bxd6 48. Rxd6 f5 49. Ra6 Rc4 50. Ra7 Rc6 51. Rxa4 Rd6 52. Ra8 Kg7 53. Be7 Re6 54. Ra7 Kh6 55. h4 1-0

[Event "Gligoric Cup 8th"]
[Site "Paracin"]
[Date "2022.05.31"]
[Round "1.3"]
[White "Dacic, Goran"]
[Black "Vratonjic, Slobodan"]
[Result "0-1"]
[WhiteElo "1653"]
[BlackElo "2254"]
[PlyCount "94"]
[EventDate "2022.05.31"]
[EventType "team-swiss"]
[EventRounds "5"]
[EventCountry "SRB"]
[SourceTitle "CBM 208 Extra"]
[Source "ChessBase"]
[SourceDate "2022.07.31"]
[SourceVersion "1"]
[SourceVersionDate "2022.07.31"]
[SourceQuality "1"]
[WhiteTeam "Bozevac Zadrugar"]
[BlackTeam "Kac Jugovic"]
[WhiteTeamCountry "SRB"]
[BlackTeamCountry "SRB"]

1. e4 c5 2. Nf3 e6 3. d4 cxd4 4. Nxd4 Nf6 5. Nc3 Bb4 6. Bd3 e5 7. Nf5 0-0 8. 0-0 Bxc3 9. bxc3 d5 10. Ng3 dxe4 11. Nxe4 Nxe4 12. Bxe4 Nd7 13. Qd3 Nf6 14. Bg5 Qxd3 15. Bxd3 Be6 16. Rfe1 Nd7 17. Be4 Nc5 18. Be7 Rfc8 19. Bxc5 Rxc5 20. Bxb7 Rb8 21. Ba6 Rxc3 22. Bd3 Rc5 23. a4 Ra5 24. h3 g6 25. Ra3 Rb4 26. Rea1 Rd4 27. Bb5 a6 28. c3 Rd2 29. Bf1 Rb2 30. Rd1 Kf8 31. Rd8+ Ke7 32. Rd1 Bb3 33. Rda1 Kd6 34. Bd3 Kc5 35. g4 f6 36. Kg2 Bd5+ 37. Kg3 Rd2 38. Bf1 f5 39. f4 exf4+ 40. Kxf4 fxg4 41. hxg4 Bc4 42. Bxc4 Kxc4 43. Rb1 g5+ 44. Ke4 Re2+ 45. Kf3 Rae5 46. Rb4+ Kc5 47. Rb7 R5e3# 0-1

[Event "Novi Sad TS Mix 252"]
[Site "Novi Sad"]
[Date "2022.04.27"]
[Round "3"]
[White "Vratonjic, Slobodan"]
[Black "Bozic, Milan"]
[Result "1/2-1/2"]
[WhiteElo "2254"]
[BlackElo "2222"]
[PlyCount "22"]
[EventDate "2022.04.25"]
[EventType "tourn"]
[EventRounds "9"]
[EventCountry "SRB"]
[SourceTitle "CBM 208 Extra"]
[Source "ChessBase"]
[SourceDate "2022.07.31"]
[SourceVersion "1"]
[SourceVersionDate "2022.07.31"]
[SourceQuality "1"]

1. e4 e5 2. Nf3 Nc6 3. Bb5 a6 4. Ba4 Nf6 5. 0-0 b5 6. Bb3 Be7 7. Re1 d6 8. c3 0-0 9. h3 Re8 10. Ng5 Rf8 11. Nf3 Re8 1/2-1/2

[Event "Novi Sad TS Mix 244th"]
[Site "Novi Sad"]
[Date "2022.02.26"]
[Round "8"]
[White "Maksimovic, Branimir"]
[Black "Vratonjic, Slobodan"]
[Result "1/2-1/2"]
[WhiteElo "2277"]
[BlackElo "2268"]
[PlyCount "20"]
[EventDate "2022.02.21"]
[EventType "swiss"]
[EventRounds "10"]
[EventCountry "SRB"]
[SourceTitle "CBM 207 Extra"]
[Source "ChessBase"]
[SourceDate "2022.05.31"]
[SourceVersion "1"]
[SourceVersionDate "2022.05.31"]
[SourceQuality "1"]

1. Nf3 Nf6 2. b3 d6 3. d4 g6 4. Bb2 Bg7 5. e3 0-0 6. Be2 c5 7. Nbd2 cxd4 8. exd4 d5 9. 0-0 Bg4 10. c4 Nc6 1/2-1/2

[Event "Novi Sad TS Mix 244th"]
[Site "Novi Sad"]
[Date "2022.02.22"]
[Round "2"]
[White "Gusev, Mikhail"]
[Black "Vratonjic, Slobodan"]
[Result "0-1"]
[WhiteElo "1937"]
[BlackElo "2268"]
[PlyCount "98"]
[EventDate "2022.02.21"]
[EventType "swiss"]
[EventRounds "10"]
[EventCountry "SRB"]
[SourceTitle "CBM 207 Extra"]
[Source "ChessBase"]
[SourceDate "2022.05.31"]
[SourceVersion "1"]
[SourceVersionDate "2022.05.31"]
[SourceQuality "1"]

1. d4 Nf6 2. Nf3 e6 3. c4 c5 4. d5 d6 5. Nc3 exd5 6. cxd5 g6 7. g3 Bg7 8. Bg2 0-0 9. 0-0 Bg4 10. Nd2 Qd7 11. a4 Bh3 12. e4 Na6 13. Nc4 Bxg2 14. Kxg2 Rfe8 15. Re1 Nh5 16. Nb5 Bf8 17. e5 dxe5 18. d6 f6 19. Qd5+ Qf7 20. Rd1 Red8 21. Be3 Ng7 22. Na5 Rd7 23. Rac1 Qxd5+ 24. Rxd5 Ne6 25. Nb3 b6 26. a5 Nb4 27. Rdd1 Nc6 28. axb6 axb6 29. Nd2 Ncd4 30. Ne4 Kf7 31. Bxd4 Nxd4 32. Nc7 Rb8 33. b4 f5 34. Ng5+ Kf6 35. f4 exf4 36. gxf4 Bxd6 37. Nd5+ Kg7 38. bxc5 bxc5 39. Re1 Rb2+ 40. Kh1 Rd2 41. Nb6 Bxf4 42. Nxd7 Bxg5 43. Ne5 Bf4 44. Rxc5 Rxh2+ 45. Kg1 Bxe5 46. Rexe5 Nf3+ 47. Kf1 Nxe5 48. Rxe5 Kf6 49. Ra5 Rb2 0-1

[Event "Novi Sad TS Mix 218th"]
[Site "Novi Sad"]
[Date "2021.10.27"]
[Round "4"]
[White "Vratonjic, Slobodan"]
[Black "Rakshitta, Ravi"]
[Result "0-1"]
[WhiteElo "2294"]
[BlackElo "2173"]
[PlyCount "55"]
[EventDate "2021.10.25"]
[EventType "swiss"]
[EventRounds "10"]
[EventCountry "SRB"]
[SourceTitle "CBM 205 Extra"]
[Source "ChessBase"]
[SourceDate "2022.01.31"]
[SourceVersion "1"]
[SourceVersionDate "2022.01.31"]
[SourceQuality "1"]

1. e4 e5 2. Nf3 Nc6 3. Bc4 Bc5 4. c3 Nf6 5. d3 0-0 6. Bb3 d5 7. Nbd2 a5 8. 0-0 h6 9. h3 Be6 10. Ba4 dxe4 11. dxe4 Qd6 12. Qe2 Nh5 13. Nc4 Ng3 14. Qc2 Bxc4 15. Rd1 Qf6 16. Re1 Nh5 17. b3 Be6 18. Be3 Bxe3 19. fxe3 Bxh3 20. Rf1 Bg4 21. Bb5 Ng3 22. Rf2 Qg6 23. Bxc6 bxc6 24. Nxe5 Qh5 25. Rf4 Ne2+ 26. Kf2 Qh4+ 27. Kf1 Nxf4 28. exf4 0-1

[Event "Novi Sad TS Mix 218th"]
[Site "Novi Sad"]
[Date "2021.10.25"]
[Round "1"]
[White "Rosh, Jain"]
[Black "Vratonjic, Slobodan"]
[Result "1/2-1/2"]
[WhiteElo "1844"]
[BlackElo "2294"]
[PlyCount "70"]
[EventDate "2021.10.25"]
[EventType "swiss"]
[EventRounds "10"]
[EventCountry "SRB"]
[SourceTitle "CBM 205 Extra"]
[Source "ChessBase"]
[SourceDate "2022.01.31"]
[SourceVersion "1"]
[SourceVersionDate "2022.01.31"]
[SourceQuality "1"]

1. e4 d6 2. d4 Nf6 3. Nc3 c6 4. Bd3 e5 5. Nf3 Nbd7 6. h3 Be7 7. Be3 0-0 8. g4 g6 9. Qd2 b5 10. a3 Bb7 11. dxe5 Nxe5 12. Nxe5 dxe5 13. f3 Nd7 14. h4 Nc5 15. h5 g5 16. 0-0 Ne6 17. Rad1 Bc5 18. Bxc5 Nxc5 19. Ne2 Ne6 20. Qe3 Qb6 21. Qxb6 axb6 22. Kf2 Rfd8 23. Ke3 Nc5 24. c3 Bc8 25. Bc2 Be6 26. Rxd8+ Rxd8 27. Rd1 Rxd1 28. Bxd1 Nb7 29. Nc1 Nd6 30. Be2 f6 31. b3 Kf7 32. Bd1 Ke7 33. Nd3 Kd7 34. Bc2 c5 35. Nc1 Kc6 1/2-1/2

[Event "SRB-chT Premier"]
[Site "Vrnjacka Banja"]
[Date "2021.09.16"]
[Round "11.2"]
[White "Popovic, Milan S"]
[Black "Vratonjic, Slobodan"]
[Result "1/2-1/2"]
[WhiteElo "2338"]
[BlackElo "2281"]
[PlyCount "20"]
[EventDate "2021.09.07"]
[EventType "team-tourn"]
[EventRounds "11"]
[EventCountry "SRB"]
[SourceTitle "CBM 204 Extra"]
[Source "ChessBase"]
[SourceDate "2021.11.30"]
[SourceVersion "1"]
[SourceVersionDate "2021.11.30"]
[SourceQuality "1"]
[WhiteTeam "Novi Sad SK"]
[BlackTeam "Kac Jugovic"]
[WhiteTeamCountry "SRB"]
[BlackTeamCountry "SRB"]

1. Nf3 Nf6 2. d4 e6 3. Bf4 d5 4. e3 Bd6 5. Nbd2 0-0 6. c3 c5 7. Bg3 Nc6 8. Bd3 Qe7 9. Ne5 Bxe5 10. dxe5 Nd7 1/2-1/2

[Event "Novi Sad Put Svile IM 5th"]
[Site "Novi Sad"]
[Date "2021.08.05"]
[Round "7"]
[White "Lazic, Miroljub"]
[Black "Vratonjic, Slobodan"]
[Result "1/2-1/2"]
[WhiteElo "2338"]
[BlackElo "2338"]
[PlyCount "21"]
[EventDate "2021.08.01"]
[EventType "tourn"]
[EventRounds "9"]
[EventCountry "SRB"]
[SourceTitle "CBM 203 Extra"]
[Source "ChessBase"]
[SourceDate "2021.09.30"]
[SourceVersion "1"]
[SourceVersionDate "2021.09.30"]
[SourceQuality "1"]

1. b4 d5 2. b5 c5 3. bxc6 Nxc6 4. g3 e6 5. Bg2 Bd6 6. Nf3 Nge7 7. 0-0 0-0 8. Ba3 Bxa3 9. Nxa3 a6 10. c4 dxc4 11. Nxc4 1/2-1/2

[Event "Novi Sad Put Svile IM 5th"]
[Site "Novi Sad"]
[Date "2021.08.03"]
[Round "4"]
[White "Vratonjic, Slobodan"]
[Black "Varvaglione, Antonio"]
[Result "0-1"]
[WhiteElo "2338"]
[BlackElo "2166"]
[PlyCount "50"]
[EventDate "2021.08.01"]
[EventType "tourn"]
[EventRounds "9"]
[EventCountry "SRB"]
[SourceTitle "CBM 203 Extra"]
[Source "ChessBase"]
[SourceDate "2021.09.30"]
[SourceVersion "1"]
[SourceVersionDate "2021.09.30"]
[SourceQuality "1"]

1. e4 c5 2. Nf3 Nc6 3. Bb5 g6 4. 0-0 Bg7 5. Re1 Nf6 6. c3 0-0 7. d4 d5 8. e5 Ne4 9. Bxc6 bxc6 10. Nbd2 cxd4 11. cxd4 Nxd2 12. Nxd2 Qb6 13. Nb3 f6 14. f4 fxe5 15. fxe5 Rf5 16. Kh1 Ba6 17. Be3 Raf8 18. Qd2 Qb5 19. Nc5 Bh6 20. h3 Bxe3 21. Rxe3 Rf2 22. Qc3 Rxb2 23. a4 Rf1+ 24. Kh2 Qb6 25. a5 Rff2 0-1

[Event "Novi Sad Put Svile IM 5th"]
[Site "Novi Sad"]
[Date "2021.08.01"]
[Round "1"]
[White "Vratonjic, Slobodan"]
[Black "Aditya, Bikram Paul"]
[Result "0-1"]
[WhiteElo "2338"]
[BlackElo "2080"]
[PlyCount "70"]
[EventDate "2021.08.01"]
[EventType "tourn"]
[EventRounds "9"]
[EventCountry "SRB"]
[SourceTitle "CBM 203 Extra"]
[Source "ChessBase"]
[SourceDate "2021.09.30"]
[SourceVersion "1"]
[SourceVersionDate "2021.09.30"]
[SourceQuality "1"]

1. e4 c5 2. Nf3 Nc6 3. Bb5 g6 4. 0-0 Bg7 5. Re1 e5 6. Bxc6 dxc6 7. d3 Ne7 8. Be3 b6 9. h3 0-0 10. a4 a5 11. Na3 Be6 12. Nc4 Qc7 13. Nfd2 f5 14. f3 f4 15. Bf2 g5 16. b4 b5 17. axb5 cxb5 18. Nxa5 cxb4 19. Nab3 Rxa1 20. Qxa1 Qxc2 21. Nc5 Bf7 22. Qc1 Qa2 23. Nf1 Rc8 24. Qb1 Nc6 25. Rc1 Qxb1 26. Rxb1 Nd4 27. Na6 Ne2+ 28. Kh2 b3 29. Nd2 Rc2 30. Be1 Nc3 31. Rxb3 Bxb3 32. Nxb3 Nd1 33. Kg1 Re2 34. Bd2 Ne3 35. Bxe3 fxe3 0-1

[Event "Vojvodina op 11th"]
[Site "Novi Sad"]
[Date "2021.07.25"]
[Round "2"]
[White "Vratonjic, Slobodan"]
[Black "Tyurin, Artem"]
[Result "1/2-1/2"]
[WhiteElo "2338"]
[BlackElo "2106"]
[PlyCount "86"]
[EventDate "2021.07.25"]
[EventType "swiss"]
[EventRounds "9"]
[EventCountry "SRB"]
[SourceTitle "CBM 203 Extra"]
[Source "ChessBase"]
[SourceDate "2021.09.30"]
[SourceVersion "1"]
[SourceVersionDate "2021.09.30"]
[SourceQuality "1"]

1. e4 c6 2. d4 d5 3. exd5 cxd5 4. c4 Nc6 5. cxd5 Qxd5 6. Nf3 e6 7. Nc3 Qd8 8. Bc4 Nf6 9. 0-0 Be7 10. Bf4 0-0 11. Re1 Nd5 12. Bg3 Bf6 13. Ne4 Be7 14. Nc3 Bd6 15. Bxd6 Qxd6 16. Rc1 Rd8 17. Qc2 Nf6 18. Ne4 Nxe4 19. Qxe4 Nxd4 20. Red1 Nxf3+ 21. Qxf3 Qe7 22. Rxd8+ Qxd8 23. Rd1 Qe7 24. h4 h6 25. Rd4 Kh7 26. Qe4+ f5 27. Qe5 b6 28. g3 Qc5 29. Qxc5 bxc5 30. Rd6 a5 31. f4 Kg6 32. a4 Ra7 33. Kf2 Bd7 34. b3 Kh5 35. Bf1 g5 36. Be2+ Kg6 37. Bc4 Kf6 38. Rb6 gxf4 39. gxf4 Ra8 40. Rb7 Ke7 41. Bb5 Rd8 42. Bc4 Ra8 43. Bb5 Rd8 1/2-1/2

[Event "SRB-chT 1st League"]
[Site "Bajina Basta"]
[Date "2020.10.15"]
[Round "9.2"]
[White "Vratonjic, Slobodan"]
[Black "Jovanovic, Dusan D"]
[Result "1/2-1/2"]
[WhiteElo "2341"]
[BlackElo "2412"]
[PlyCount "20"]
[EventDate "2020.10.10"]
[EventType "team-tourn"]
[EventRounds "11"]
[EventCountry "SRB"]
[SourceTitle "CBM 198 Extra"]
[Source "ChessBase"]
[SourceDate "2020.11.30"]
[SourceVersion "1"]
[SourceVersionDate "2020.11.30"]
[SourceQuality "1"]
[WhiteTeam "Kraljevo Sloga"]
[BlackTeam "Kostolac Rudar"]
[WhiteTeamCountry "SRB"]
[BlackTeamCountry "SRB"]

1. e4 e5 2. Bc4 Nf6 3. d3 Bc5 4. Nf3 Nc6 5. 0-0 d6 6. c3 a6 7. Be3 0-0 8. h3 h6 9. Re1 Ba7 10. Nbd2 Ne7 1/2-1/2

[Event "SRB-chT 1st League"]
[Site "Bajina Basta"]
[Date "2020.10.13"]
[Round "6.4"]
[White "Savic, Miodrag R"]
[Black "Vratonjic, Slobodan"]
[Result "1/2-1/2"]
[WhiteElo "2433"]
[BlackElo "2341"]
[PlyCount "36"]
[EventDate "2020.10.10"]
[EventType "team-tourn"]
[EventRounds "11"]
[EventCountry "SRB"]
[SourceTitle "CBM 198 Extra"]
[Source "ChessBase"]
[SourceDate "2020.11.30"]
[SourceVersion "1"]
[SourceVersionDate "2020.11.30"]
[SourceQuality "1"]
[WhiteTeam "Valjevo 2005"]
[BlackTeam "Kraljevo Sloga"]
[WhiteTeamCountry "SRB"]
[BlackTeamCountry "SRB"]

1. e4 c5 2. c3 d6 3. d4 Nf6 4. Bd3 g6 5. Nf3 Bg7 6. 0-0 0-0 7. Re1 a6 8. h3 Qc7 9. e5 Nfd7 10. e6 fxe6 11. Ng5 Nf6 12. Qe2 Kh8 13. Nxe6 Bxe6 14. Qxe6 cxd4 15. Qxe7 Nbd7 16. Qe2 Nb8 17. Qe7 Nbd7 18. Qe6 Nb8 1/2-1/2

[Event "SRB-chT 1st League"]
[Site "Bajina Basta"]
[Date "2020.10.12"]
[Round "4.3"]
[White "Radovanovic, Nikola"]
[Black "Vratonjic, Slobodan"]
[Result "1-0"]
[WhiteElo "2377"]
[BlackElo "2341"]
[PlyCount "63"]
[EventDate "2020.10.10"]
[EventType "team-tourn"]
[EventRounds "11"]
[EventCountry "SRB"]
[SourceTitle "CBM 198 Extra"]
[Source "ChessBase"]
[SourceDate "2020.11.30"]
[SourceVersion "1"]
[SourceVersionDate "2020.11.30"]
[SourceQuality "1"]
[WhiteTeam "Kragujevac Radnicki"]
[BlackTeam "Kraljevo Sloga"]
[WhiteTeamCountry "SRB"]
[BlackTeamCountry "SRB"]

1. e4 c5 2. Nf3 e6 3. d4 cxd4 4. Nxd4 Nc6 5. Nc3 Qc7 6. Be3 a6 7. Qf3 Nf6 8. 0-0-0 Be7 9. Nxc6 bxc6 10. g4 d5 11. g5 Nd7 12. Kb1 Rb8 13. Bc1 0-0 14. h4 f5 15. exf5 exf5 16. Bg2 Ne5 17. Qe2 f4 18. Bxd5+ Kh8 19. f3 Bb4 20. Bb3 Bxc3 21. bxc3 c5 22. Rhe1 Nc6 23. Bb2 Bb7 24. h5 Na5 25. c4 Nc6 26. h6 Nd4 27. Rxd4 cxd4 28. Bxd4 Rfd8 29. Bxg7+ Kg8 30. Be5 Qd7 31. Bxb8 Rxb8 32. Qe5 1-0

[Event "SRB-chT 1st League"]
[Site "Bajina Basta"]
[Date "2020.10.12"]
[Round "3.5"]
[White "Vratonjic, Slobodan"]
[Black "Brankovic, Dejan"]
[Result "1/2-1/2"]
[WhiteElo "2341"]
[BlackElo "2300"]
[PlyCount "49"]
[EventDate "2020.10.10"]
[EventType "team-tourn"]
[EventRounds "11"]
[EventCountry "SRB"]
[SourceTitle "CBM 198 Extra"]
[Source "ChessBase"]
[SourceDate "2020.11.30"]
[SourceVersion "1"]
[SourceVersionDate "2020.11.30"]
[SourceQuality "1"]
[WhiteTeam "Kraljevo Sloga"]
[BlackTeam "Paracin"]
[WhiteTeamCountry "SRB"]
[BlackTeamCountry "SRB"]

1. e4 c5 2. Nf3 d6 3. c3 Nf6 4. Be2 g6 5. 0-0 Bg7 6. Bb5+ Bd7 7. Bxd7+ Nfxd7 8. d4 cxd4 9. cxd4 0-0 10. Nc3 Nc6 11. Be3 Qa5 12. d5 Nce5 13. Nxe5 Nxe5 14. Bd4 Qb4 15. Ne2 Rfc8 16. h3 Rc7 17. f4 Nd7 18. Bxg7 Kxg7 19. Qd4+ Qxd4+ 20. Nxd4 Rc4 21. Rad1 Nf6 22. Rfe1 Nh5 23. Rf1 Ng3 24. Rfe1 Nh5 25. Rf1 1/2-1/2

[Event "SRB-chT 1st League"]
[Site "Bajina Basta"]
[Date "2020.10.10"]
[Round "1.6"]
[White "Vratonjic, Slobodan"]
[Black "Bozic, Milan"]
[Result "1/2-1/2"]
[WhiteElo "2341"]
[BlackElo "2270"]
[PlyCount "53"]
[EventDate "2020.10.10"]
[EventType "team-tourn"]
[EventRounds "11"]
[EventCountry "SRB"]
[SourceTitle "CBM 198 Extra"]
[Source "ChessBase"]
[SourceDate "2020.11.30"]
[SourceVersion "1"]
[SourceVersionDate "2020.11.30"]
[SourceQuality "1"]
[WhiteTeam "Kraljevo Sloga"]
[BlackTeam "Valjevo Sveti Nikolaj"]
[WhiteTeamCountry "SRB"]
[BlackTeamCountry "SRB"]

1. e4 c6 2. d4 d6 3. Nc3 e5 4. Nf3 Qc7 5. a4 a5 6. h3 Be7 7. Bc4 Nf6 8. 0-0 0-0 9. Bg5 Nbd7 10. Re1 Re8 11. Be3 Nb6 12. Bb3 Nfd7 13. Ng5 Bxg5 14. Bxg5 Nf8 15. Be3 Be6 16. d5 cxd5 17. Nb5 Qc6 18. Bxb6 Qxb6 19. Bxd5 Red8 20. Ra3 Bxd5 21. Qxd5 Ne6 22. Rc3 Rd7 23. Qc4 Rad8 24. Rd1 Nf4 25. Qf1 d5 26. exd5 Nxd5 27. Rcd3 1/2-1/2

[Event "Novi Sad TS IM 129th"]
[Site "Novi Sad"]
[Date "2020.02.20"]
[Round "11"]
[White "Bozic, Milan"]
[Black "Vratonjic, Slobodan"]
[Result "1/2-1/2"]
[WhiteElo "2310"]
[BlackElo "2365"]
[PlyCount "24"]
[EventDate "2020.02.14"]
[EventType "tourn"]
[EventRounds "11"]
[EventCountry "SRB"]
[SourceTitle "CBM 195 Extra"]
[Source "ChessBase"]
[SourceDate "2020.05.31"]
[SourceVersion "1"]
[SourceVersionDate "2020.05.31"]
[SourceQuality "1"]

1. e4 e5 2. Nf3 Nc6 3. Bb5 a6 4. Ba4 Nf6 5. 0-0 b5 6. Bb3 Be7 7. Re1 0-0 8. c3 d6 9. d4 Na5 10. Bc2 c5 11. Nbd2 Bb7 12. Nf1 Nc6 1/2-1/2

[Event "Novi Sad TS IM 129th"]
[Site "Novi Sad"]
[Date "2020.02.19"]
[Round "10"]
[White "Vratonjic, Slobodan"]
[Black "Bulajic, Ratko"]
[Result "1/2-1/2"]
[WhiteElo "2365"]
[BlackElo "2296"]
[PlyCount "21"]
[EventDate "2020.02.14"]
[EventType "tourn"]
[EventRounds "11"]
[EventCountry "SRB"]
[SourceTitle "CBM 195 Extra"]
[Source "ChessBase"]
[SourceDate "2020.05.31"]
[SourceVersion "1"]
[SourceVersionDate "2020.05.31"]
[SourceQuality "1"]

1. e4 c5 2. Nf3 d6 3. c3 Nf6 4. Be2 Nbd7 5. Qc2 Qc7 6. 0-0 b6 7. c4 Bb7 8. Nc3 e6 9. d4 cxd4 10. Nxd4 a6 11. a4 1/2-1/2